| 000 | 00647nam a2200181Ia 4500 | ||
|---|---|---|---|
| 008 | 151202s9999||||xx |||||||||||||| ||und|| | ||
| 082 | _bPNVM-39561 | ||
| 100 | _aरानडे एकनाथजी. | ||
| 245 | _aहिंदू तेजा जागा हो. | ||
| 260 | _b"विवेकानंद केन्द्र ,पुणे." | ||
| 260 | _c1993 | ||
| 300 | _a123 | ||
| 600 | _aरानडे एकनाथजी. | ||
| 630 | _aहिंदू तेजा जागा हो. | ||
| 700 | _aरानडे एकनाथजी. | ||
| 730 | _aहिंदू तेजा जागा हो. | ||
| 942 | _cBOOK | ||
| 999 |
_c1305513 _d1305510 |
||